000 00320nam a22001337a 4500
008 260407b ||||| |||| 00| 0 eng d
020 _a9994378015
041 _ashqip
080 _a796.33
100 _a30
101 _aSport
245 _aHistoria e Kampionateve të Shqipërisë
_cBesnik Dizdari
942 _2udc
_cBK
999 _c60965
_d60965